书目信息 |
| 题名: |
音乐剧导论
|
|
| 作者: | 文硕 , 张旭 著 | |
| 分册: | ||
| 出版信息: | 上海 上海音乐出版社 2004 |
|
| 页数: | 483页 | |
| 开本: | 24cm | |
| 丛书名: | ||
| 单 册: | ||
| 中图分类: | J833 | |
| 科图分类: | ||
| 主题词: | 歌舞剧--高等学校--教材 | |
| 电子资源: | ||
| ISBN: | 7-80667-577-9 | |
| 000 | 00711nam0 2200241 45 | |
| 001 | 0900000030279 | |
| 005 | 20070109152025.42 | |
| 010 | @a7-80667-577-9@dCNY50.00 | |
| 100 | @a20050422d2004 ekmy0chiy0120 ea | |
| 101 | 0 | @achi |
| 102 | @aCN@b310000 | |
| 105 | @ay z 000yy | |
| 200 | 1 | @a音乐剧导论@9yin yue ju dao lun@f张旭,文硕著@Fzhang xu,wen shuo zhu |
| 210 | @a上海@c上海音乐出版社@d2004 | |
| 215 | @a483页@d24cm | |
| 300 | @a北京舞蹈学院“十五”规划教材 | |
| 330 | @a本书内容包括历史篇,结构篇,专题分析篇。 | |
| 606 | 0 | @a歌舞剧@x高等学校@j教材 |
| 690 | @aJ833@v4 | |
| 701 | 0 | @a文硕@Awen shuo@4著 |
| 701 | 0 | @a张旭@Azhang xu@4著 |
| 801 | 0 | @aCN@bCXYBOOK@c20070109 |
| 905 | @a10447@dJ833@e55 | |
| 音乐剧导论/张旭,文硕著.-上海:上海音乐出版社,2004 |
| 483页;24cm |
| 北京舞蹈学院“十五”规划教材 |
| ISBN 7-80667-577-9:CNY50.00 |
| 本书内容包括历史篇,结构篇,专题分析篇。 |
| ● |
| 相关链接 |
|
|
|
|
正题名:音乐剧导论
索取号:J833/55
 
预约/预借
| 序号 | 登录号 | 条形码 | 馆藏地/架位号 | 状态 | 备注 |
| 1 | 0371115 | 203711153 | 第一样本阅览室/ [索取号:J833/55] | 在馆 | |
| 2 | 0371116 | 203711162 | 第一借阅区/ [索取号:J833/55] | 在馆 | |
| 3 | 0371117 | 203711171 | 第一借阅区/ [索取号:J833/55] | 在馆 | |
| 4 | 0603218 | 206032185 | 第一借阅区/ [索取号:J833/55] | 在馆 | |
| 5 | 0603219 | 206032194 | 第一借阅区/ [索取号:J833/55] | 在馆 | |
| 6 | 0603220 | 206032201 | 第一借阅区/ [索取号:J833/55] | 在馆 |